000 00966cam a2200205 4500
001 ABS66829
008 120103e2003 000 0 eng u
035 _a(Sirsi) u122760
100 _aFowler, F.
245 _aWhen to use 'without prejudice'
260 _c2003
490 _aRICS Building Surveying Faculty Feature
_v17 June 2003 (2)
520 _aFeature considering when it is appropriate to mark a letter 'without prejudice' and pointing out that there is a common misconception that any letter marked in this way cannot be shown to a judge or arbitrator. The correct use of the phrase has now been defined by case law, making it clear that 'without prejudice' is only effective when used in a genuine attempt to resolve a dispute. Case law.
590 _aABS
650 _aINSTANCE V DENNY BROTHERS PRINTING LTD
650 _aRUSH AND TOMPKINS LTD V GREATER LONDON COUNCIL AND ANOTHER
650 _aWITHOUT PREJUDICE
690 _aLAW
942 _n0
999 _c72935
_d72935